| 000 | 01313nam0a22002771 4500 | ||
|---|---|---|---|
| 001 | rc\4854712 | ||
| 005 | 20130426143732.7 | ||
| 021 |
_aRU _b[64-70892] |
||
| 035 | _a(NLR Aleph) 008900922 | ||
| 090 |
_a8702306 _c8702306 |
||
| 100 | _a20130426d1964 |||y0rusy50 ca | ||
| 101 | 0 | _arus | |
| 102 | _aRU | ||
| 105 | _aa z ||||| | ||
| 200 | 1 |
_aТрактор Т-74 _eРуководство по эксплуатации _fПод ред. конструктора Б.П. Кашубы и конструктора И.А. Коваля _gСовет нар. хозяйства Харьк. адм. района УССР. Харьк. ордена Ленина и ордена Трудового Красного Знамени трактор. завод им. Серго Орджоникидзе |
|
| 210 |
_aМосква _cМашиностроение _d1964 |
||
| 215 |
_a296 с. _cил. _d21 |
||
| 606 |
_aТракторы _xЭксплуатация _2psbo |
||
| 702 | 1 |
_aКашуба _bБ. П. _gБорис Павлович _4340 |
|
| 702 | 1 |
_aКоваль _bИ. А. _4340 |
|
| 712 | 0 | 2 |
_aХарьковский тракторный завод им. Серго Орджоникидзе _3RU\NLR\AUTH\8810066237 |
| 801 | 0 |
_aRU _bNLR _gpsbo |
|
| 801 | 1 |
_aRU _bELAR _2rusmarc |
|
| 852 |
_aNLR _j64-3/5407 |
||
| 942 | _cBOOK | ||
| 980 | _aNB | ||